Hodnotenie vybraných kryptomien a vhodnosti ich využitia v každodennom platobnom styku bakalárska práca

Gespeichert in:
Bibliographische Detailangaben
1. Verfasser: Hnatko, Boris
Körperschaft: Národohospodárska fakulta EU. Katedra bankovníctva a medzinárodných financií
Weitere Verfasser: Gernát, Peter
Format: Buch
Sprache:Slowakisch
Veröffentlicht: Bratislava 2019
Tags: Tag hinzufügen
Keine Tags, Fügen Sie das erste Tag hinzu!

MARC

LEADER 00000nbm a2200000 4500
001 0257795
005 20190919132119.1
041 0 |a slo 
044 |a SK 
245 1 0 |a Hodnotenie vybraných kryptomien a vhodnosti ich využitia v každodennom platobnom styku  |b bakalárska práca  |c Boris Hnatko ; školiteľ: Peter Gernát 
264 1 |a Bratislava  |c 2019 
300 |a 55 s. 
100 1 |a Hnatko, Boris 
700 1 |a Gernát, Peter 
710 2 |a Národohospodárska fakulta EU. Katedra bankovníctva a medzinárodných financií